000 00342nam a2200145Ia 4500
008 150201s2008 xx 000 0 und d
082 _a616.89
_bP08V
100 _aVYAS, J.N.
245 _aTB. OF POSTGRADUATE PSYCHIATRY -2
250 _a2ND
260 _bJAYPEE
_aDELHI
_c2008
300 _a1-1058
650 _aPSYCHIATRY
942 _2ddc
_cBK
999 _c1573
_d1573